| 000 | 01121nam a2200385 a 4500 | ||
|---|---|---|---|
| 003 | AR-BaBNM | ||
| 005 | 20251128205845.0 | ||
| 008 | 082120s2002 ||||||||||||||000 | spa|| | ||
| 020 | _a84-7960-019-5 | ||
| 040 | _cAR-BaBNM | ||
| 100 | 1 | _aLipman, Matthew | |
| 245 | 0 | 0 | _aLa filosofía en el aula |
| 260 |
_aMadrid _bEdiciones de la Torre _c1992 |
||
| 300 |
_a380 p. _bgráfs. |
||
| 490 | 0 | _aProyecto Didáctico Quirón | |
| 504 | _aBibliografía p. 373-380 | ||
| 650 | 4 | _aFILOSOFIA | |
| 650 | 4 | _aDINAMICA DE GRUPO | |
| 650 | 4 | _aJUEGOS EDUCATIVOS | |
| 650 | 4 | _aACTIVIDADES DE APRENDIZAJE | |
| 650 | 4 | _aEVALUACION | |
| 650 | 4 | _aENSEÑANZA DE LA FILOSOFIA | |
| 650 | 4 | _aOBJETIVOS EDUCACIONALES | |
| 650 | 4 | _aCONTENIDO DEL PROGRAMA | |
| 650 | 4 | _aRAZONAMIENTO | |
| 653 | _aEDUCACION SECUNDARIA | ||
| 653 | _aCONOCIMIENTO CIENTIFICO | ||
| 700 | 1 | _aSharp, Ann Margaret | |
| 700 | 1 | _aOscanyan, Frederick S. | |
| 700 | 1 |
_aEchevarría, Eugenio _etraductor |
|
| 700 | 1 |
_aGarcía González, Magdalena _etraductor |
|
| 700 | 1 |
_aGarcía Moriyón, Félix _etraductor |
|
| 942 | _cBK | ||
| 998 | _cMariana | ||
| 999 |
_c13044 _d13044 |
||